| Tag |
First Indicator |
Second Indicator |
Subfields |
| LEADER |
00000cam a2200000 4500 |
| 001 |
in00000054848 |
| 005 |
20151008052121.0 |
| 008 |
740529s1929 cau 00000 eng u |
| 010 |
|
|
|a 29016189
|
| 035 |
|
|
|a (OCoLC)00899800
|
| 035 |
|
|
|9 AAH1762AM
|
| 040 |
|
|
|c CWR
|d TXA
|d UtOrBLW
|
| 049 |
|
|
|a TXAM
|c [74586]
|
| 050 |
0 |
0 |
|a JK1541
|b .H23
|
| 092 |
|
|
|a 342.73
|b H153g
|
| 100 |
1 |
|
|a Haines, Charles Grove,
|d 1879-1948.
|
| 245 |
1 |
2 |
|a A government of laws or a government of men ;
|b judicial or legislative supremacy /
|c by Charles Grove Haines ...
|
| 264 |
|
1 |
|a Los Angeles :
|b University of California print. off,
|c 1929.
|
| 300 |
|
|
|a 1 page ., 38 pages ;
|c 25 cm.
|
| 336 |
|
|
|a text
|b txt
|2 rdacontent
|
| 337 |
|
|
|a unmediated
|b n
|2 rdamedia
|
| 338 |
|
|
|a volume
|b nc
|2 rdacarrier
|
| 500 |
|
|
|a "Faculty research lecture at the University of California at Los Angeles, delivered May 13, 1927."
|
| 650 |
|
0 |
|a Judicial review
|z United States.
|
| 650 |
|
0 |
|a Courts
|z United States.
|
| 999 |
|
|
|a MARS
|
| 999 |
f |
f |
|s b8617727-9318-3097-a4cc-9b1d16ac39d2
|i 5cde66e6-112c-3b40-9a9c-5167c48d2f62
|t 0
|
| 952 |
f |
f |
|p ric
|a Texas A&M University
|b Rellis Campus
|c Joint Library Facility
|d Remote Storage
|t 0
|e JK1541 .H23
|h Library of Congress classification
|i unmediated -- volume
|m A14800788184
|
| 998 |
f |
f |
|a JK1541 .H23
|t 0
|l Remote Storage
|